| 000 | 00976nam a2200229 a 4500 | ||
|---|---|---|---|
| 001 | 000029240 | ||
| 003 | OSt | ||
| 005 | 20201015105858.0 | ||
| 008 | 110414s1960 dr 000 0 spa d | ||
| 040 |
_aDO-SdBNP _bspa _cBNPHU |
||
| 082 | 4 |
_a327.7308 _bS211a |
|
| 100 | 1 |
_aSánchez Rubirosa, Ernesto _935321 |
|
| 245 | 1 | 3 |
_aLa agresión económica de los E.E.U.U. contra América Latina / _cErnesto Sánchez Rubirosa. |
| 260 |
_aCiudad Trujillo, República Dominicana : _b Partido Dominicano, _c[19--?]. |
||
| 300 |
_a17 p. ; _c24 cm. |
||
| 500 | _a(Conferencia pronunciada el día 2 de agosto de 1960, en la Base Aérea "Presidente Trujillo", San Isidro) | ||
| 590 | _aInventariado, 2019/VM | ||
| 651 | 4 |
_aEstados Unidos _xRelaciones exteriores _zAmérica Latina _vEnsayos, conferencias, etc. _976890 |
|
| 651 | 4 |
_aAmérica Latina _xRelaciones exteriores _zEstados Unidos _vCongresos, conferencias, etc. _976891 |
|
| 910 | _aValidado. Control de calidad MFF | ||
| 942 |
_2ddc _cLF1 |
||
| 999 |
_c28732 _d28732 |
||